000 00603nam a22001937a 4500
005 20251108165205.0
008 250721s1990 xx 000 0 ara d
082 1 4 _a591.1/خال
100 1 _aسعيد، خالد حميد محمد
245 1 0 _aعلم فسيولوجيا الحيوان العلمي /
264 1 _aبغداد :
_bجامعة صلاح الدين،
_c1990.
300 _a228ص
650 1 7 _aالحيوانات
650 1 7 _aالفسيولوجيا
650 1 7 _aالتشريح
700 1 _aالحبيب، عمر عبد المجيد محمد
942 _2ddc
_cBK
999 _c21721
_d21721